Paddington in the Garden / (Record no. 48743)
| 000 -LEADER | |
|---|---|
| fixed length control field | 00921nam a2200145 4500 |
| 020 ## - INTERNATIONAL STANDARD BOOK NUMBER | |
| International Standard Book Number | 9780007943159 |
| 100 ## - MAIN ENTRY--PERSONAL NAME | |
| Personal name | Bond, Michael, |
| Relator term | author. |
| 245 ## - TITLE STATEMENT | |
| Title | Paddington in the Garden / |
| Statement of responsibility, etc | by Michael Bond, Illustrated by R.W. Alley. |
| 260 ## - PUBLICATION, DISTRIBUTION, ETC. (IMPRINT) | |
| Place of publication, distribution, etc | London : |
| Name of publisher, distributor, etc | Harper Collins Children’s Book ; |
| Date of publication, distribution, etc | 2018. |
| 300 ## - PHYSICAL DESCRIPTION | |
| Extent | 32 pages. |
| 490 ## - SERIES STATEMENT | |
| Series statement | Paddington |
| 520 ## - SUMMARY, ETC. | |
| Summary, etc | For Paddington, one of the nicest things about being a bear and living with the Brown family is being able to share their lovely garden. But gardens don’t just happen, and the one at number thirty-two Windsor Gardens keeps the whole family busy, so Paddington is only too pleased to lend a paw when they give him a chance. He may not have ‘green fingers’, but the fact that paws and marmalade are never far apart leads to some unexpectedly colourful results during National Garden Week! |
| 650 ## - SUBJECT ADDED ENTRY--TOPICAL TERM | |
| 9 (RLIN) | 61752 |
| Topical term or geographic name as entry element | Gardening |
| Form subdivision | Juvenile fiction. |
| 942 ## - ADDED ENTRY ELEMENTS (KOHA) | |
| Source of classification or shelving scheme | |
| Koha item type | Book |
| Withdrawn status | Lost status | Source of classification or shelving scheme | Damaged status | Not for loan | Home library | Current library | Date acquired | Total Checkouts | Full call number | Barcode | Date last seen | Date checked out | Price effective from | Koha item type |
|---|---|---|---|---|---|---|---|---|---|---|---|---|---|---|
| Logos International School | Logos International School | 03/27/2025 | 1 | E BON | 040575 | 04/10/2026 | 04/25/2025 | 03/27/2025 | Book |